00401 a2200133 450000100060000008200360000609000170004210000140005924500660007326000120013994200130015199900190016495200840018326639 a( termite affected boarded out) c17932d17932 aRahman, F aIslamic methodology in history( termite affected boarded out) bC.I.I.R aNUST-CAE c261712d261712 001040708NFICaCAEbCAEd2017-04-03l0pCAE25180r2017-04-05w2017-04-05yBK